[Event "Candidates Tournament"]
[Site "London"]
[Date "2013.03.31"]
[Round "13"]
[White "Radjabov, Teimour"]
[Black "Carlsen, Magnus"]
[Result "0-1"]
[WhiteElo "2793"]
[BlackElo "2872"]
[Annotator "Krasenkow,M"]
[PlyCount "178"]
[EventDate "2013.03.15"]
[EventType "tourn"]
[EventRounds "14"]
[EventCountry "ENG"]
[EventCategory "22"]
[SourceTitle "CBM 154"]
[Source "ChessBase"]
[SourceDate "2013.05.15"]
[SourceVersion "1"]
[SourceVersionDate "2013.05.15"]
[SourceQuality "1"]

1. d4 Nf6 2. c4 e6 3. Nc3 Bb4 4. Qc2 d6 5. Nf3 Nbd7 6. g3 {A rare plan in the
4.Qc2 system.} O-O 7. Bg2 e5 8. O-O (8. dxe5 Nxe5 9. Nxe5 dxe5 10. O-O c6 11.
Rd1 Qe7 12. Bg5 h6 13. Bxf6 Qxf6 14. Ne4 Qe7 15. c5 Bf5 16. Rd6 Bxe4 17. Bxe4
Rfd8 18. Rad1 $14 {1-0 (59) Rajlich,I (2399)-Lomineishvili,M (2437) St
Petersburg 2009}) 8... c6 (8... exd4 9. Nxd4 c6 10. a3 Bc5 11. Rd1 Ne5 12. Na4
Qe7 13. Nxc5 dxc5 {1/2 (46) Foisor,O (2495)-Hergott,D (2320) Saint John 1988}
14. Nf3 $14) 9. Rd1 Re8 (9... Qe7 $5 {is probably more accurate} 10. dxe5 $140
Nxe5) 10. dxe5 $1 {Otherwise 10...e4.} (10. Bg5 Bxc3 11. Qxc3 e4 12. Ne1 h6 13.
Bf4 Nf8 14. Nc2 Ng6 15. Be3 d5 16. b3 Be6 17. h3 Qd7 18. Kh2 h5 $36 {0-1 (43)
Vitiugov,N (2594)-Tomashevsky,E (2646) Moscow 2007}) 10... dxe5 11. a3 (11. Ng5
h6 12. Nge4 {is positionally wrong: White should not trade knights as Black's
minor pieces get in each other's way.} Qc7 13. a3 Bf8 14. b4 Nxe4 15. Nxe4 f5
16. Nd2 Nf6 17. e4 a5 18. Rb1 axb4 19. axb4 Qf7 $132 {0-1 (46) Paulsen,D (2240)
-Kuzmin,G (2545) Dortmund 1981}) 11... Bxc3 (11... Bf8 {deprives Black's
d7-knight of a comfortable square.} 12. b4 a5 13. Rb1 $14) 12. Qxc3 Qe7 13. b4
{A courageous move, active but weakening the c4-pawn (square).} Nb6 14. Be3 $6
(14. a4 $5 e4 $140 15. Ng5 h6 16. a5 Nbd7 17. Nh3 $14) 14... Ng4 15. Nd2 ({
It is hard to say whether White missed} 15. Bc5 $2 Na4 $1 {or simply made a
mistake in evaluation but after the exchange of his important dark-squared
bishop the position roughly equalises.}) 15... f5 16. h3 Nxe3 17. Qxe3 e4 (
17... Qf7 $5 18. Rac1 Be6) 18. Rac1 $6 (18. c5 Nd5 19. Qd4 {[%cal Yd2c4,Yc4d6]}
b5 $5 {leads to complex play. After the passive text move Black seizes the
initiative.}) 18... Be6 19. Qc3 (19. c5 Nd5 20. Qd4 Rad8 21. Qe5 Nc7 $1 {
, and White's knight can't get to c4 anymore.}) (19. f3 exf3 20. exf3 {(S.
Zagrebelny) is hardly enough: after} Qf6 21. Bf1 Bf7 22. Qf2 Na4 {White's
position is very unpleasant.}) 19... Rad8 20. Bf1 (20. c5 Nd5 21. Qe5 {was
relatively better after all.}) 20... c5 $6 {Black fails to demonstrate
prophylactic thinking (how to anticipate White's idea 21.e3 ?) and misses a
strong resource:} (20... Bf7 $1 21. e3 {(what else?)} Bh5 22. Re1 Nd7 $17 {
[%cal Yd7e5] (indicated by S.Zagrebelny and other commentators)}) 21. bxc5 Na4
22. Qb4 Nxc5 23. Nb3 {After this the position nearly equalises.} Rxd1 24. Rxd1
Na6 (24... Nxb3 25. Qxb3 Rc8 26. e3 {is hardly enough, too.}) 25. Qxe7 Rxe7 26.
e3 Kf7 27. Be2 b6 28. Rd8 Nc5 29. Nd4 (29. Nxc5 bxc5 30. Rb8 {was good enough.
But after the text move White obtains a strong outpost on d4, compensating for
Black's c5 stronghold.}) 29... Kf6 30. Kf1 Rd7 31. Rf8+ Bf7 32. Ke1 g6 33. h4
h6 34. Rc8 Be6 35. Rf8+ Rf7 36. Rh8 Rc7 37. Nb5 Rd7 38. Nd4 h5 {Otherwise
h4-h5 could be an issue.} 39. Rf8+ Bf7 40. Rc8 Ke5 41. Ra8 a6 42. Rc8 Rd6 43.
Nc6+ Kf6 44. Nd4 Be6 45. Rf8+ Ke7 46. Ra8 Rd7 47. Rb8 (47. Kd2 {was simpler.})
47... Rb7 48. Rxb7+ {Why? White's rook was more active, and Black couldn't
make any progress. The minor piece endgame should also be drawn but it
requires accuracy from White as Black has ways to improve his position.} Nxb7 {
[%mdl 4096]} 49. Kd2 Kd6 50. Kc3 Bf7 51. Nb3 Ke5 52. Bf1 a5 53. Be2 Be6 54. Bf1
Bd7 55. Be2 Ba4 56. Nd4 Nc5 57. Kb2 Be8 58. Kc3 Bf7 59. Nc6+ Kd6 60. Nd4 Nd7 {
Black finds a plan: ...Ke5, Nc5 and ...a4 with a semblance of zugzwang.} 61.
Nb5+ Kc5 62. Nd4 Ne5 63. Nb3+ Kc6 64. a4 $6 {A move, which amazed spectators
and commentators. In normal circumstances a strong GM would never make such a
move (creating a new serious weakness in his camp) even at gunpoint. GM
Teimour Radjabov was probably in extremely bad shape. Meanwhile, the zugzwang
was just an illusion; White simply needs to realise that he can play f2-f3 at
some point:} (64. Nd4+ Kd6 65. Nb3 a4 66. Nd2 Kc5 {Zugzwang?} 67. f3 $1 (67.
Bd1 Ng4 68. Bxa4 Nxf2 {is indeed risky}) 67... exf3 68. Nxf3 Nxf3 (68... Nxc4
69. Bxc4 Bxc4 70. Ne5) 69. Bxf3 Bxc4 {- White loses a pawn but after} 70. e4
Be6 71. exf5 Bxf5 72. Bg2 {Black can never break through.}) (64. Kd4 Kd6 65.
Nd2 Nc6+ 66. Kc3 {[%cal Yf2f3] was possible, too.}) 64... Kd7 65. Nd4 Kd6 66.
Nb5+ Kc5 67. Nd4 Be8 68. Nb3+ (68. Kb3 Bd7 {This is indeed zugzwang!} 69. f3 (
69. Bf1 Ng4) (69. Nc2 Nd3) 69... exf3 70. Nxf3 Ng4 $19 {is now a completely
different story!}) 68... Kd6 69. c5+ Kc7 $1 (69... bxc5 70. Nxa5 Bxa4 71. Nc4+
{is a draw.}) 70. Kd4 Nc6+ 71. Kc3 Ne7 $1 72. cxb6+ Kxb6 73. Nd2 Bxa4 74. Nc4+
Ka6 $1 75. Na3+ Kb7 76. Nc4 Ka6 77. Na3+ Ka7 $1 {Black holds his extra pawn
and gets fair winning chances.} 78. Kd4 (78. Nc4 Bb5) 78... Nc6+ 79. Kc5 Ne5 (
79... Nb4 $5 80. Nb5+ Kb7 81. Nc3 Bb3) 80. Nc4 $2 {Probably the decisive
mistake.} (80. Kd4 $1 {was the right way although even after} Nd3 {
(recommended by Alexey Dreev during a live broadcast)} (80... Nc6+ 81. Kc5 Nb4
{is possible, too}) 81. Bxd3 exd3 82. Kxd3 Bb3 {we can't assume it is a clear
draw.}) 80... Nd3+ 81. Kd4 ({Now} 81. Bxd3 exd3 82. Kd4 Bc2 83. Kc3 a4 {
is hardly enough for a draw - both White's pieces are paralysed, and Black's
king goes forward.}) 81... Nc1 $1 ({White probably expected something like} 
81... Nxf2 82. Nxa5 Nh1 83. Ke5 Nxg3 84. Bc4 Kb6 85. Nb3 {with good chances to
recapture one of Black's pawns and survive}) 82. Bf1 Bb5 83. Nxa5 $2 {
Desperation under time pressure.} (83. Kc3 a4 84. Kb2 Nd3+ (84... Nb3 $5) 85.
Bxd3 exd3 86. Nd2 Kb6 {leads to a setup mentioned in the comment to White's
81st move.}) 83... Bxf1 84. Nc6+ Kb6 85. Ne7 Nd3 86. Nxg6 Kc7 87. Ne7 Bh3 88.
Nd5+ Kd6 89. Nf6 Bg4 0-1

[Event "Candidates Tournament"]
[Site "London"]
[Date "2013.03.31"]
[Round "13"]
[White "Svidler, Peter"]
[Black "Ivanchuk, Vassily"]
[Result "1-0"]
[WhiteElo "2747"]
[BlackElo "2757"]
[Annotator "Marin,M"]
[PlyCount "73"]
[EventDate "2013.03.15"]
[EventType "tourn"]
[EventRounds "14"]
[EventCountry "ENG"]
[EventCategory "22"]
[SourceTitle "CBM 154"]
[Source "ChessBase"]
[SourceDate "2013.05.15"]
[SourceVersion "1"]
[SourceVersionDate "2013.05.15"]
[SourceQuality "1"]

1. e4 e6 2. d4 d5 3. e5 {This is a specialty of Svidler's countryman, Grischuk,
who used it to beat Ivanchuk twice, among others. A good psychologycal
decision by Svidler to put Ivanchuk to the test once again.} c5 4. c3 Nc6 5.
Nf3 Bd7 6. Be2 Nge7 7. O-O {This is how the game Grischuk-Ivanchuk had gone,
too. Ivanchuk does not seem to be the kind of player to let his defeats pass
without looking for improvements, so the theoretical duel is very much on...}
Ng6 (7... Nf5 {Grischuk,A (2746)-Ivanchuk,V (2768)/Khanty-Mansiysk 2011/CBM
145/[Marin,M] (1-0, 44)}) 8. g3 cxd4 (8... Be7 {Grischuk,A (2746)-Ivanchuk,V 
(2768)/Khanty-Mansiysk 2011/CBM 145/[Marin,M] (1-0, 35)}) 9. cxd4 f6 10. exf6
Qxf6 (10... gxf6 $6 {weakens the kingside too much.} 11. Nc3 Bg7 12. h4 O-O 13.
Bd3 $14 {Cori Tello,J (2418)-Ostos,J (2316)/Havana 2009/CBM 130 Extra (1-0, 39)
}) 11. Bg5 $1 {An active move, gaining some time and inducing a small
weakening of the kingside.} Qf7 12. Be3 {[%cal Gf3g5]} h6 13. Nc3 Bd6 14. Nb5 {
This may look a bit like shadow boxing, but White's idea is revealed by the
next move.} (14. Ne1 {is too slow, allowing Black to get his king out of the
centre and obtain a normal regrouping.} O-O 15. Ng2 Rac8 16. Bh5 Qf6 17. Qg4
Nge7 18. Nh4 Be8 {After getting rid of his potentially bad bishop, Black is at
least not worse.} 19. Bxe8 Rcxe8 $11 {Gwaze,R (2402)-Pert,N (2501)/Halifax
2004/EXT 2005 (1/2, 44)}) 14... Bb8 15. Ne5 $1 $146 {A strong novelty, casting
serious doubts over Black's previous play. The main idea is to clear the g1-a7
diagonal, in order to allow Be3-c5.} (15. Rc1 {Jonkman,H (2491)-Firman,N (2494)
/Lvov 2001/CBM 087/[Psakhis] (0-1, 29): It is interesting that in his notes to
this game, the outstanding specialist in the French Lev Psakhis expresses his
amazement about the ease with which Black has equalised...}) 15... Ngxe5 {
There are several ways to take the pawn, but none of them solves the main
problem: the king's safety.} (15... Ncxe5 16. dxe5 Bxe5 17. Bc5 {leaves the
knight passive on g6.}) 16. dxe5 Nxe5 ({Or} 16... Bxe5 17. Bc5 {followed by
Nd6+ soon. If White manages to force the exchange of the e5-bishop for his
knight, the compensation would have a permanent character. Black would have
serious problems because of the chronic weakness of the dark squares, while
his king would lack a safe residence.}) 17. Bc5 Nc4 {Ivanchuk does his best to
avoid Nd6+, but this is one of those cases in which the remedy is even worse
than the initial problem.} 18. b3 $1 (18. Bxc4 $6 dxc4 19. Nd6+ Bxd6 20. Qxd6 {
is too simplistic to be good.} b6 21. Bb4 O-O-O $132 {White's king is also
insecure, because of the weakening g2-g3 move.}) 18... b6 {Kicking back
consequently...} 19. Bb4 a5 20. Bc3 $1 {Black has managed to drive the
molesting bishop away from the a3-f8 diagonal, but new and unsolvable problems
are awaiting him on the long dark diagonal.} Bxb5 (20... Ne5 21. f4 Ng6 22. f5
exf5 23. Bf3 Ne7 24. Bh5 $16 {creates similar problems.}) 21. Bh5 g6 22. Bxh8
$16 {White has won an exchange for a pawn. Things would not be that bad for
Black if he was not poorly coordinated and his king had some safe place to go
to.} gxh5 23. Re1 $5 {A hyper-accurate move. The threat is Qxd5} (23. bxc4 Bxc4
24. Re1 Bd6 25. Be5 $16) 23... Qf5 (23... Nd6 24. Qxd5 Ra7 25. Rxe6+ Re7 26.
Rae1 $18) 24. bxc4 Bxc4 25. Qd4 Bc7 26. Be5 O-O-O 27. Rac1 $18 {White has a
stable blockade in the centre and both Black's wings are vulnerable. The rest
is a matter of technique, as they say.} Rd7 28. a4 Qg4 29. Qe3 h4 30. Qxh6 hxg3
31. hxg3 Bd8 32. Bf4 Re7 33. Bg5 Kd7 34. Bxe7 Bxe7 35. Kg2 Bc5 36. f3 Qf5 37.
Qg7+ 1-0

[Event "Candidates Tournament"]
[Site "London"]
[Date "2013.04.01"]
[Round "14"]
[White "Aronian, Levon"]
[Black "Radjabov, Teimour"]
[Result "1-0"]
[WhiteElo "2809"]
[BlackElo "2793"]
[Annotator "Krasenkow,M"]
[PlyCount "69"]
[EventDate "2013.03.15"]
[EventType "tourn"]
[EventRounds "14"]
[EventCountry "ENG"]
[EventCategory "22"]
[SourceTitle "CBM 154"]
[Source "ChessBase"]
[SourceDate "2013.05.15"]
[SourceVersion "1"]
[SourceVersionDate "2013.05.15"]
[SourceQuality "1"]

1. d4 Nf6 2. c4 g6 3. Nc3 Bg7 4. e4 d6 5. h3 O-O 6. Bg5 a6 7. Nf3 c5 8. dxc5
Qa5 9. Bd3 dxc5 10. O-O Nc6 {This line was examined in my opening survey in
CBM 132.} 11. Nd5 {Two recent examples featuring other options for White:} (11.
a3 $6 Nd7 12. Rc1 e6 13. Bh4 Qc7 14. Qd2 b6 15. Bb1 Bb7 16. Ne2 Nde5 17. Nxe5
Qxe5 18. Nc3 Nd4 $15 {1-0 (36) Conquest,S (2532)-Glek,I (2424) Otranto 2011}) (
11. Qe2 Nd7 (11... e6 $5) 12. Nd5 Re8 13. Bd2 Qd8 14. Bf4 Nde5 15. Nxe5 Nxe5
16. Rad1 e6 17. Nc3 Bd7 18. Bb1 Qe7 19. Bg3 Red8 $6 (19... b5 $1) 20. f4 Nc6
21. e5 Nd4 22. Qf2 $16 {[%cal Rg3h4] 1-0 (52) Kourousis,E (2324)-Saric,S (2462)
Kavala 2012}) 11... Be6 $146 {[%cal Yb7b5][%mdl 8] This is more active than
the previously played} (11... Qd8 12. Re1 h6 (12... Be6 13. Qb3 b5 14. Rad1 Rb8
15. Qa3 Nd7 16. Bf4 Ra8 17. e5 Kh8 18. Be4 $16 {1-0 (34) Kazhgaleyev,M (2606)
-Evdokimov,A (2500) Paris 2006 CBM 132 [Krasenkow]}) 13. Bf4 e6 14. Nxf6+ Qxf6
15. Bd6 Qxb2 16. Rb1 Qxa2 {1-0 (37) Gheorghiu,F-Pavlov,M Bucharest 1965} 17.
Bxc5 $1 Re8 (17... Rd8 18. Re2 Qa5 19. Bb6) 18. e5 $36) 12. Qb3 {Hardly a
fortunate move since Black can play 12...b5 anyway.} (12. Re1 $5 Rfe8 $1 (12...
b5 13. Nxe7+ $1 Nxe7 14. e5) 13. Bd2 $5 Qd8 14. Bc3 $14) 12... b5 $1 {Logical.}
13. Rac1 ({The tactical justification of Black's last move:} 13. cxb5 axb5 14.
Bxf6 exf6 15. Bxb5 (15. Qxb5 Nb4 $1 16. Qxa5 Rxa5 17. Nxb4 cxb4 $44) 15... Rab8
16. a4 Na7 {, and Black should equalise.}) 13... bxc4 14. Bxc4 Nxe4 (14... Rab8
15. Qc2 $1 (15. Qd3 $143 Rxb2) 15... Bxd5 (15... Nxd5 16. exd5 Rxb2 17. Qe4)
16. exd5 Nd4 17. Qd3 $14) 15. Qb7 {White could have probably kept a tiny plus
due to his better pawn structure after simplifications starting with} (15.
Nxe7+ $5 {, e.g.} Nxe7 16. Bxe7 (16. Bxe6 Nxg5 17. Nxg5 c4 $1 18. Qe3 fxe6 19.
Qxe6+ Kh8 20. Qxe7 Rae8 21. Nf7+ Kg8 22. Qd7 Re2 $15) 16... Rfe8 (16... Rfb8
17. Qd3 Ra7 18. Bxe6 Rxe7 19. Bxf7+ Rxf7 20. Qxe4 Qxa2 21. Ra1 $1 Qb3 22. Rxa6
$14) 17. Bxe6 Rxe7 18. Bd5 Rae8 19. Rce1 $14) 15... Rac8 (15... Bxd5 16. Bxd5
Nxg5 17. Nxg5 Ne5 {was probably good enough for equality, too, e.g.} 18. Qxe7 (
18. f4 Qd2 $5) 18... Rac8 19. f4 $2 Rc7 20. Qd6 Rd7 {(Indicated by IM M.Notkin)
}) 16. Bxe7 $5 (16. Nxe7+ Nxe7 17. Qxe4 Bxc4 18. Qxc4 Nf5 $11) 16... Bxd5 $6 (
16... Rfe8 {was simpler, with a probable draw after} 17. Rfe1 $1 Bxd5 18. Bxd5
Nxe7 19. Rxe4 Nxd5 20. Rxe8+ Rxe8 21. Qxd5 {(M.Notkin)}) {After the text move
White obtains a 2R vs Q ending (+opposite-coloured bishops). It is potentially
dangerous for Black since White's pieces can launch a strong attack on Black's
king. Everything will depend on Black's ability to prevent White's activation.}
17. Bxf8 ({Black has no problems after} 17. Bxd5 Rc7 $1 18. Qxc6 Rxc6 19. Bxf8
Bxf8 20. Bxc6 Nf6) 17... Rb8 $1 18. Qxb8 (18. Qd7 $1 Rd8 19. Qxd5 Rxd5 20. Bxd5
Bxf8 21. Bxe4 Nd4 22. Nxd4 cxd4 23. a3 {apparently gives White more chances.})
18... Nxb8 19. Bxd5 Kxf8 20. Bxe4 Nd7 {Black wins one of White's queenside
pawns - an important factor!} 21. b3 Qxa2 22. Rcd1 Ne5 23. Rd8+ Ke7 24. Rb8
Nxf3+ 25. Bxf3 Bd4 26. g3 (26. Bd5 Bxf2+ $1 27. Rxf2 Qa1+ {regaining the d5
bishop with a check on the next move.}) (26. Rb7+ Ke6 27. Re1+ Kf6 28. Re2 {
is premature due to} Qa1+ 29. Kh2 Qf1 {(M.Notkin)}) 26... a5 $2 {A theoretical
mistake allowing White's rook to come out.} (26... Kf6 27. Bd5 $140 $6 Qe2 $1
28. Rb7 Qe5 $1 29. Rxf7+ Kg5) ({or} 26... Qd2 {(M.Notkin) was correct. Black
should not lose in that case.}) 27. Re1+ Kf6 28. Re2 Qb1+ 29. Kg2 a4 $2 {
A fatal idea. Black's a-pawn can now queen but his king comes under a mating
attack. Black would do better to defend passively, protecting his f7 pawn with
the queen:} (29... Qf5 {or so. White's advantage is probably insufficient for
a win after all.}) 30. Rb7 $1 a3 (30... Qd3 31. bxa4 {[%csl Ga4] was a lesser
evil but the a-pawn is likely to bring White a victory.}) 31. Bd5 a2 32. Rxf7+
Kg5 33. h4+ (33. Ree7 $1 {was even more accurate.}) 33... Kh6 34. Ree7 g5 $8
35. Be4 $1 (35. Be4 Qxe4+ 36. Rxe4 a1=Q 37. Re6+ Kh5 38. g4+ $3 Kxg4 (38...
Kxh4 39. Rh6+ Kxg4 40. f3#) 39. f3+ Kxh4 40. Rxh7#) 1-0

[Event "Candidates Tournament"]
[Site "London"]
[Date "2013.04.01"]
[Round "14"]
[White "Carlsen, Magnus"]
[Black "Svidler, Peter"]
[Result "0-1"]
[WhiteElo "2872"]
[BlackElo "2747"]
[Annotator "Marin,M"]
[PlyCount "96"]
[EventDate "2013.03.15"]
[EventType "tourn"]
[EventRounds "14"]
[EventCountry "ENG"]
[EventCategory "22"]
[SourceTitle "CBM 154"]
[Source "ChessBase"]
[SourceDate "2013.05.15"]
[SourceVersion "1"]
[SourceVersionDate "2013.05.15"]
[SourceQuality "1"]

1. e4 e5 2. Nf3 Nc6 3. Bb5 a6 4. Ba4 Nf6 5. O-O Be7 6. d3 b5 7. Bb3 d6 8. a3
O-O 9. Nc3 Bb7 10. Bd2 Qd7 11. a4 $146 (11. Ne2 Nd8 12. Ng3 Ne6 13. Nf5 c5 14.
N3h4 Bd8 15. Qf3 d5 {Mickiewicz,P (2271)-Malaniuk,V (2522)/Koszalin 2007/CBM
119 ext (0-1, 43)}) 11... Nd8 12. axb5 axb5 13. Rxa8 Bxa8 14. Ne2 Ne6 15. Ng3
c5 16. Nf5 Bd8 17. c4 $5 {This way of fighting for the light squares justifies
(at least partly) the loss of a tempo with a3-a4.} bxc4 18. Bxc4 Bc7 19. Re1
Re8 20. Qc1 Nh5 21. g3 g6 22. Nh6+ Kg7 23. Ng5 Nxg5 24. Bxg5 d5 25. exd5 Bxd5
26. Ng4 Bf3 27. Bf6+ Kg8 28. Nh6+ Kf8 29. Qe3 Bb7 30. Bh4 Qh3 31. f3 $2 (31.
Bd5 $1 {This is not that difficult to spot, but evaluating the consequences
requires some effort.} Bxd5 32. Qxc5+ Kg7 33. Qxd5 Kxh6 34. Qxf7 Ba5 35. Qxe8
Bxe1 36. Qxe5 {Threatening mate with Bg5#} Bxf2+ $1 (36... Bd2 37. Qe2 Bc1 38.
Be7 {allows White to maintain the initiative in conditions of material
equality.}) 37. Kxf2 Qxh2+ {with a probable draw. If White interposes his
queen to one of the checks, Black can exchange and win the bishop with ...g5.})
31... Nf4 $36 32. gxf4 Qxh4 33. Nxf7 Bxf3 34. Qf2 Qg4+ 35. Qg3 exf4 36. Rxe8+
Kxe8 37. Qxg4 Bxg4 38. Ng5 h6 39. Nf7 h5 40. Nh6 Bd1 41. Kf2 f3 42. h3 Bf4 43.
Nf7 g5 44. Ke1 g4 45. hxg4 hxg4 46. Kxd1 g3 47. Ke1 g2 48. Kf2 Bh2 0-1

[Event "Candidates Tournament"]
[Site "London"]
[Date "2013.04.01"]
[Round "14"]
[White "Gelfand, Boris"]
[Black "Grischuk, Alexander"]
[Result "1/2-1/2"]
[WhiteElo "2740"]
[BlackElo "2764"]
[Annotator "Krasenkow,M"]
[PlyCount "54"]
[EventDate "2013.03.15"]
[EventType "tourn"]
[EventRounds "14"]
[EventCountry "ENG"]
[EventCategory "22"]
[SourceTitle "CBM 154"]
[Source "ChessBase"]
[SourceDate "2013.05.15"]
[SourceVersion "1"]
[SourceVersionDate "2013.05.15"]
[SourceQuality "1"]

1. d4 Nf6 2. c4 g6 3. Nc3 d5 4. cxd5 Nxd5 5. Bd2 Bg7 6. e4 Nxc3 7. Bxc3 c5 8.
d5 Bxc3+ 9. bxc3 O-O 10. Qd2 e6 {Other options in this important position of
the 5.Bd2 Bg7 line:} (10... Qd6 $5 11. f4 (11. Bc4 Nd7 (11... f5 $5) 12. f4 $6
(12. Nf3 Nb6 13. Be2 Bg4 $11) 12... Nb6 13. Bb3 c4 14. Bc2 f5 $17 {1/2 (101)
Gupta,A (2577)-Li,C (2604) Wijk aan Zee 2010}) (11. Nf3 Bg4 12. Ng5 f6 $5 (
12... h6 13. h3 hxg5 14. hxg4 Qe5 15. Bd3 Qf6 16. O-O-O $1 $40 {[%cal Yg2g3,
Yf2f4] (R.Edouard)} (16. Rb1 $143 b6 17. Bb5 a6 18. Be2 Nd7 $13 {1/2 (37)
Terrieux,K (2434)-Edouard,R (2602) Mulhouse 2011})) 13. h3 fxg5 14. hxg4 Qe5 {
(R.Edouard)} (14... Rf4 15. Qe3 Qe5 16. f3 b6 17. O-O-O Nd7 18. Bb5 Rd8 19.
Rhf1 Rf6 20. Kc2 h6 21. Rh1 Kg7 22. Rh3 $14 {1/2 (42) Urban,K (2463)-Bobras,P 
(2550) Warsaw 2012}) 15. f3 Nd7 16. Bb5 Nf6 $13) 11... Nd7 $5 (11... e6 12. Bc4
exd5 13. Bxd5 {(R.Edouard)} Qa6 14. f5 $36) (11... e5 12. fxe5 $5 (12. Nf3 $6
Nd7 13. Bb5 exf4 14. Bxd7 Bxd7 15. e5 Qa6 16. Kf2 Qc4 $15 {0-1 (34) Coene,I 
(2228)-Van Haastert,E (2417) Leiden 2011}) 12... Qxe5 13. Bd3 Bg4 14. Nf3 Bxf3
15. gxf3 Nd7 16. f4 $14) 12. e5 Qc7 13. h4 c4 14. h5 Nb6 15. Nf3 Bg4 16. hxg6
fxg6 17. Ng5 Rad8 $1 18. d6 exd6 19. Rxh7 Qc5 20. Rh6 $1 dxe5 21. Rxg6+ Kh8 22.
Nf7+ Kh7 23. f5 $1 (23. Rh6+ $4 Kg7 {0-1 (36) Riazantsev,A (2714)-Edouard,R 
(2625) Belfort 2012 CBM 149 [Edouard,R]}) 23... Rxd2 24. Ng5+ Kh8 25. Rh6+ Kg8
26. Rg6+ $11 {(R.Edouard)}) (10... Nd7 $5 11. Nf3 Qc7 12. Bd3 Nf6 13. h3 e5 14.
Qh6 Ne8 15. O-O f6 16. Nd2 Nd6 $11 {1/2 (25) Mamedyarov,S (2721)-Vachier
Lagrave,M (2718) Germany 2010}) 11. Bc4 $146 {Rather harmless.} ({But} 11. d6
$5 {is positionally risky:} Bd7 (11... Qf6 12. Nf3 Nc6 13. Bb5 Bd7 14. O-O Rad8
15. Rfe1 e5 {1-0 (74) Bernadskiy,V (2473)-Kozakov,M (2481) Mukachevo 2012} 16.
Rad1 $14 Bg4 $140 17. Re3) (11... e5 12. h4 $5 Be6 13. h5 g5 14. h6 Kh8 15. Nf3
f6 16. Be2 Nc6 $13 {1-0 (49) Akesson,R (2466)-Boros,D (2457) Budapest 2008}) (
11... Qh4 12. Qe3 f5 13. e5 Nc6 14. Bb5 Bd7 15. Nf3 Qe4 {1/2 (80) Sambuev,B 
(2489)-Nevostrujev,V (2471) Sochi 2006} 16. a4 $13) 12. Rd1 (12. h4 Bc6 $5)
12... Bc6 13. Qe3 Nd7 14. Nf3 Qf6 15. Be2 e5 16. g3 Qe6 (16... Rfe8 $5 17. O-O
Rad8 $132) 17. Ng5 Qxa2 18. O-O Qa5 19. f4 $44 {1/2 (27) Nyzhnyk,I (2444)
-Ipatov,A (2472) Lvov 2008}) 11... exd5 12. Bxd5 Nc6 13. Nf3 Qf6 14. O-O Bg4
15. Qe3 (15. Ng5 $5 {(M.Notkin) was the way to avoid the exchange of this
knight but the position after} h6 (15... Rad8 16. Qe3 b6 17. f4 $14) 16. Nxf7
Rxf7 17. Bxf7+ Kxf7 18. Qxh6 {is hard to evaluate.}) 15... Bxf3 16. gxf3 Rae8
$11 17. Kh1 (17. f4 Nd8 {[%cal Yd8e6]}) 17... b5 {A possible plan for
counterplay.} 18. Rad1 b4 19. f4 Ne7 $1 (19... bxc3 $6 20. e5) 20. c4 Qa6 (
20... Nxd5 21. cxd5 Qa6 22. e5 $13 {[%csl Gd5,Ge5]}) 21. Qxc5 Nxd5 22. exd5 Qa3
23. d6 (23. Kg2 Qxa2 24. Qxb4 Re4 $132) 23... Qf3+ 24. Kg1 Qg4+ 25. Kh1 Qf3+
26. Kg1 Qg4+ 27. Kh1 Qf3+ 1/2-1/2